| 000 | 01001cam a22003015a 4500 | ||
|---|---|---|---|
| 001 | 016783650 | ||
| 003 | EG-ScBUE | ||
| 005 | 20220426104505.0 | ||
| 008 | 141003r20142012enka f bf 001 0 eng d | ||
| 020 | _a9780199689811 | ||
| 020 | _a0199689814 | ||
| 040 |
_aStDuBDS _beng _erda _cStDuBDS _dUk _dEG-ScBUE |
||
| 082 | 0 | 4 |
_222 _a410.723 _bOXF |
| 245 | 0 | 4 |
_aThe Oxford handbook of linguistic fieldwork / _cedited by Nicholas Thieberger. |
| 246 | 3 | 0 | _aLinguistic fieldwork |
| 264 | 1 |
_aOxford : _bOxford University Press, _c2014. |
|
| 300 |
_axiv, 545 pages : _billustrations ; _c25 cm |
||
| 336 |
_2rdacontent _atext _btxt |
||
| 337 |
_2rdamedia _aunmediated _bn |
||
| 338 |
_2rdacarrier _avolume _bnc |
||
| 504 | _aIncludes bibliographical references and index. | ||
| 650 | 7 |
_941028 _aLinguistics _xFieldwork. _2BUEsh |
|
| 651 | _2BUEsh | ||
| 653 |
_bHHUUEENN _cSeptember2016 |
||
| 655 |
_vReading book _934232 |
||
| 700 | 1 |
_aThieberger, Nick _eeditor. _941327 |
|
| 942 |
_2ddc _e22 _k410.723 OXF _cBB |
||
| 999 |
_c22303 _d22275 |
||